| 000 -LEADER |
| fixed length control field |
00375cam a22001337a 4500 |
| 008 - FIXED-LENGTH DATA ELEMENTS--GENERAL INFORMATION |
| fixed length control field |
180718b1969 xxu||||| |||| 00| 0 eng d |
| 082 ## - DEWEY DECIMAL CLASSIFICATION NUMBER |
| Classification number |
B813x5433 P969 |
| 100 ## - MAIN ENTRY--PERSONAL NAME |
| Personal name |
Punjab Boundary Commission |
| 245 ## - TITLE STATEMENT |
| Title |
Punjab boundary commission: report |
| 260 ## - PUBLICATION, DISTRIBUTION, ETC. |
| Place of publication, distribution, etc. |
Chandigarh |
| Name of publisher, distributor, etc. |
The author |
| Date of publication, distribution, etc. |
1969 |
| 300 ## - PHYSICAL DESCRIPTION |
| Extent |
150p. |
| 500 ## - GENERAL NOTE |
| General note |
Chairman: J.C. Shah |
| 700 ## - ADDED ENTRY--PERSONAL NAME |
| Personal name |
Shah, J.C. (Chairman) |